Education in democracy : (Record no. 126718)

MARC details
000 -LEADER
fixed length control field 00738nam a22002417a 4500
005 - DATE AND TIME OF LATEST TRANSACTION
control field 20170124110014.0
010 ## - LIBRARY OF CONGRESS CONTROL NUMBER
LC control number 198696
020 ## - INTERNATIONAL STANDARD BOOK NUMBER
Terms of availability 00.00
035 ## - SYSTEM CONTROL NUMBER
System control number 198696
037 ## - SOURCE OF ACQUISITION
Source of stock number/acquisition Cen Lib/ Ret
040 ## - CATALOGING SOURCE
Original cataloging agency DPL
Language of cataloging EN
082 ## - DEWEY DECIMAL CLASSIFICATION NUMBER
Classification number 370.19
Item number COX
100 ## - MAIN ENTRY--PERSONAL NAME
Personal name Cox, Philip W. L.
9 (RLIN) 18292
245 ## - TITLE STATEMENT
Title Education in democracy :
Statement of responsibility, etc by Philip W. L. Cox [nad] Blaine E. Mercer
Remainder of title social foundations of education /
260 ## - PUBLICATION, DISTRIBUTION, ETC. (IMPRINT)
Place of publication, distribution, etc New York
Name of publisher, distributor, etc Mcgraw hill book company
Date of publication, distribution, etc 1961
270 ## - ADDRESS
City New York
300 ## - PHYSICAL DESCRIPTION
Extent xviii,570p.
Dimensions 22cm(Hb)
500 ## - GENERAL NOTE
General note Includes index
650 ## - SUBJECT ADDED ENTRY--TOPICAL TERM
Topical term or geographic name as entry element Education -- Democracy
9 (RLIN) 99289
650 ## - SUBJECT ADDED ENTRY--TOPICAL TERM
Topical term or geographic name as entry element Social education
9 (RLIN) 18293
700 ## - ADDED ENTRY--PERSONAL NAME
Personal name Mercer, Blaine E.
9 (RLIN) 18294
942 ## - ADDED ENTRY ELEMENTS (KOHA)
Source of classification or shelving scheme Dewey Decimal Classification
Koha item type English Books
Classification part 370.19
Call number suffix COX
Holdings
Withdrawn status Lost status Damaged status Not for loan Home library Current library Date acquired Source of acquisition Cost, normal purchase price Total Checkouts Full call number Barcode Date last seen Copy number Cost, replacement price Price effective from Koha item type Public note
Written off       Central Library Central Library 26/06/2015 Cen Lib/Ret 0.00   370.19 COX 198696 26/06/2015 1 0.00 15/09/2016 English Books Written off on approval by DLB (By Circulation); dtd 15-06-2023

© Delhi Public Library
Hit Counter
free hit counter